المقدمات الخمس والعشرون في إثبات وجود الله ووحدانيته وتنزهه من أن يكون جسما أو قوة في جسم من دلالة الحائرين

محفوظ في:

المؤلف الرئيسي: أبى عمران موسى بن ميمون.

مؤلفون آخرون: محمد زاهد الكوثري.

التنسيق: كتاب

اللغة: Undetermined

منشور في: Baghdad Maktabat al-khanji 1949

الموضوعات:

الوسوم: إضافة وسم

لا توجد وسوم, كن أول من يضع وسما على هذه التسجيلة!

رقم الطلب: O10 MAYM

LEADER 00809nam a2200205Ia 4500
008 240404s9999||||xx |||||||||||||| ||und||
050 4 |a O10 MAYM 
100 1 |a أبى عمران موسى بن ميمون. 
245 1 0 |a المقدمات الخمس والعشرون في إثبات وجود الله ووحدانيته وتنزهه من أن يكون جسما أو قوة في جسم من دلالة الحائرين  |c أبى عمران موسى بن ميمون 
264 1 |a Baghdad  |b Maktabat al-khanji  |c 1949 
300 |a 104  |c 24 
500 |a Arab Union Catalog 
500 |a Arabic 
650 4 |a الأندلس 
650 4 |a العصور الوسطى 
650 4 |a الفلسفة الكلامية 
650 4 |a اليهودية 
700 1 |a محمد زاهد الكوثري. 
942 |2 lcc  |c BK 
999 |c 58082  |d 58082